=LDR 00000nam 2200000 4500 =001 INLIS000000000044489 =005 20131008105933 =008 ***********************************Ind** =035 ##$$0010-101300000002411 =041 ##$$a Ind =082 ##$$a 639.3 =090 ##$$a 639.3 , San u =100 ##$$a Santoso, Hieronymus Budi =245 ##$$a Usaha Ikan di Lahan Pekarangan , Hieronymus Budi Santoso =850 ##$$a NBPNMAT